Catàleg del Col·legi de Periodistes de Catalunya

Salut mental i mitjans de comunicació (Registre núm. 6489)

000 -CABECERA
Longitud fija campo de control 00633nam a22001697a 4500
003 - IDENTIFICADOR DEL NÚMERO DE CONTROL
Identificador del número de control OSt
005 - FECHA Y HORA DE LA ÚLTIMA TRANSACCIÓN
Fecha y hora de la última transacción 20241115114958.0
008 - CÓDIGOS DE INFORMACIÓN DE LONGITUD FIJA
Códigos de información de longitud fija 130618s2004 sp ||||| |||| 00| 0 cat d
040 ## - FUENTE DE LA CATALOGACIÓN
Centro transcriptor CDMR
Lengua de catalogación cat
245 ## - MENCIÓN DE TÍTULO
Título Salut mental i mitjans de comunicació
Resto del título : guia d'estil
260 ## - PUBLICACIÓN, DISTRIBUCIÓN, ETC. (PIE DE IMPRENTA)
Lugar de publicación, distribución, etc. Barcelona :
Nombre del editor, distribuidor, etc. Confederación Española de Agrupaciones de Familiares y Enfermos Mentales,
Fecha de publicación, distribución, etc. 2004
300 ## - DESCRIPCIÓN FÍSICA
Extensión 30 p.
500 ## - NOTA GENERAL
Nota general Incorpora un full sol sobre les pautes que s'ha de seguir i les que no (guia d'estil)
650 04 - PUNTO DE ACCESO ADICIONAL DE MATERIA - TÉRMINO DE MATERIA
9 (RLIN) 3086
Término de materia o nombre geográfico como elemento inicial Periodisme
Subdivisión de materia general Manuals d'estil
650 04 - PUNTO DE ACCESO ADICIONAL DE MATERIA - TÉRMINO DE MATERIA
9 (RLIN) 2757
Término de materia o nombre geográfico como elemento inicial Mitjans de comunicació de massa
Subdivisión de materia general Aspectes socials
942 ## - ENTRADA DE ELEMENTOS AGREGADOS (KOHA)
Fuente de clasificaión o esquema
Koha [por defecto] tipo de item Monografies
Fons
Suprimido Perdido Estropeado No para préstamo Localización permanente Localización actual Fecha adquisición Préstamos totales Signatura completa Código de barras Fecha última consulta Fecha último préstamo Fecha del precio de reemplazo Note pública
        Centre de Documentació Montserrat Roig Centre de Documentació Montserrat Roig 2013-01-16 1 Ci 1.1 /14 CDMR13066737 2018-05-09 2018-05-08 2013-06-18 FULLETS

Implantat amb Koha